Science Quiz

Random Science or Elements Quiz

Elements Ladder Quiz Stats

 Plays Quiz not verified by Sporcle

Support Sporcle.
Go Orange.
Score 0/30 Timer 04:00
0 Plays Today
Number Symbol % Correct
2He
91.7%
2He
91.7%
10Ne
80.6%
4Be
72.2%
11Na
63.9%
12Mg
61.1%
83Bi
61.1%
80Hg
58.3%
56Ba
58.3%
42Mo
55.6%
41Nb
55.6%
31Ga
55.6%
32Ge
55.6%
25Mn
55.6%
50Sn
52.8%
Number Symbol % Correct
60Nd
50%
28Ni
50%
82Pb
50%
34Se
47.2%
24Cr
47.2%
77Ir
44.4%
109Mt
41.7%
78Pt
41.7%
49In
41.7%
46Pd
38.9%
58Ce
38.9%
95Am
38.9%
96Cm
36.1%
61Pm
33.3%
62Sm
33.3%

You're not logged in!

Compare scores with friends on all Sporcle quizzes.
OR
Log In

From the Vault

Websites by Urban Dictionary Definition

by tenepe

Other definitions on Urban Dictionary are not for the faint-hearted.
Remove Ads.
Support Sporcle.
Get the best of Sporcle when you Go Orange. This ad-free experience offers more features, more stats, and more fun while also helping to support Sporcle. Thank you for becoming a member.

Show Comments

Extras

Top Quizzes Today


Score Distribution

Your Account Isn't Verified!

In order to create a playlist on Sporcle, you need to verify the email address you used during registration. Go to your Sporcle Settings to finish the process.

Report this User

Report this user for behavior that violates our Community Guidelines.

Details: